Ceramiche Umbre dal Medioevo allo Storicismo (Record no. 341)

MARC details
000 -CABECERA
campo de control de longitud fija 01118nam a2200277 a 4500
001 - NÚMERO DE CONTROL
campo de control BRCA_406
005 - FECHA Y HORA DE LA ÚLTIMA TRANSACCIÓN
campo de control 20190320203009.0
008 - DATOS DE LONGITUD FIJA--INFORMACIÓN GENERAL
campo de control de longitud fija 890524m19881989it-a---##b---#001-0#ita-#
040 ## - FUENTE DE LA CATALOGACIÓN
Centro catalogador/agencia de origen DLC
Centro/agencia transcriptor DLC
Centro/agencia modificador DLC
041 ## - CÓDIGO DE LENGUA
Código de lengua del texto/banda sonora o título independiente ita
044 ## - CÓDIGO DEL PAÍS DE LA ENTIDAD EDITORA/PRODUCTORA
Código MARC del país it
050 #4 - SIGNATURA TOPOGRÁFICA DE LA BIBLIOTECA DEL CONGRESO
Número de clasificación NK4315
Número de documento/Ítem .F56 1988
100 1# - ENTRADA PRINCIPAL--NOMBRE DE PERSONA
Nombre de persona Fiocco, Carola
9 (RLIN) 1376
245 10 - MENCIÓN DE TÍTULO
Título Ceramiche Umbre dal Medioevo allo Storicismo
Mención de responsabilidad, etc. Carola Fiocco, Gabriella Gherardi.
260 ## - PUBLICACIÓN, DISTRIBUCIÓN, ETC.
Lugar de publicación, distribución, etc. Faenza, Ravenna
Nombre del editor, distribuidor, etc. Litografie Artistiche Faentine
Fecha de publicación, distribución, etc. 1988-1989
300 ## - DESCRIPCIÓN FÍSICA
Extensión 2 v.
Otras características físicas il. (algunas a color)
Dimensiones 26 cm.
440 #0 - MENCIÓN DE SERIE/PUNTO DE ACCESO ADICIONAL--TÍTULO
Título Catalogo gererale delle raccolte a cura di Gian Carlo Bojani
Designación de volumen o secuencia 5
9 (RLIN) 1377
500 ## - NOTA GENERAL
Nota general Incluye índice de nombres y referencias fotográficas (parte 2)
504 ## - NOTA DE BIBLIOGRAFÍA, ETC.
Nota de bibliografía, etc. Bibliografía : p. 582-603 (parte 2)
505 0# - NOTA DE CONTENIDO CON FORMATO
Nota de contenido con formato Contenido : Parte 1a. Orvieto e Deruta. -- Parte 2a. Gubbio, Altri Centri, lo Storicismo
610 24 - PUNTO DE ACCESO ADICIONAL DE MATERIA--NOMBRE DE ENTIDAD CORPORATIVA
Nombre de entidad corporativa o nombre de jurisdicción como elemento de entrada Museo Internazionale delle Ceramiche (Faenza, Italia)
Subdivisión de forma Catálogos
9 (RLIN) 1378
650 14 - PUNTO DE ACCESO ADICIONAL DE MATERIA--TÉRMINO DE MATERIA
Término de materia o nombre geográfico como elemento de entrada Mayólica italiana
Subdivisión de forma Catálogos
9 (RLIN) 1379
650 14 - PUNTO DE ACCESO ADICIONAL DE MATERIA--TÉRMINO DE MATERIA
Término de materia o nombre geográfico como elemento de entrada Mayólica medieval
Subdivisión de forma Catálogos
Subdivisión geográfica Italia
9 (RLIN) 1380
700 1# - PUNTO DE ACCESO ADICIONAL--NOMBRE DE PERSONA
Nombre de persona Gherardi, Gabriella
Término indicativo de función/relación coaut.
9 (RLIN) 1381
942 ## - ELEMENTOS DE PUNTO DE ACCESO ADICIONAL (KOHA)
Fuente del sistema de clasificación o colocación Library of Congress Classification
Tipo de ítem Koha Libros
Holdings
Estado de retiro Estado de pérdida Estado dañado No para préstamo Localización permanente Ubicación/localización actual Fecha de adquisición Total de préstamos Signatura topográfica completa Código de barras Fecha visto por última vez Precio válido a partir de Tipo de ítem Koha Código de colección
El ejemplar forma parte de la colección y puede ser consultado según las políticas vigentes.       Biblioteca del Museo Franz Mayer (Rogerio Casas-Alatriste) Biblioteca del Museo Franz Mayer (Rogerio Casas-Alatriste) 25/06/2008   NK4315 .F56 1988 00706 22/03/2019 22/03/2019 Libros  
El ejemplar forma parte de la colección y puede ser consultado según las políticas vigentes.       Biblioteca del Museo Franz Mayer (Rogerio Casas-Alatriste) Biblioteca del Museo Franz Mayer (Rogerio Casas-Alatriste) 07/10/2010   NK4315 .F56 1988 00707 22/03/2019 22/03/2019 Libros Acervo General